|
|
|
|
| LEADER |
01000caa a2200265 c 4500 |
| 001 |
64069716X |
| 003 |
DE-627 |
| 005 |
20250124172213.0 |
| 007 |
tu |
| 008 |
101129s2010 xx ||||| 00| ||fre c |
| 035 |
|
|
|a (DE-627)64069716X
|
| 035 |
|
|
|a (DE-599)GBV64069716X
|
| 040 |
|
|
|a DE-627
|b ger
|c DE-627
|e rakwb
|
| 041 |
|
|
|a fre
|
| 100 |
1 |
|
|a Wachenheim, Pierre
|e verfasserin
|0 (DE-588)1140806890
|0 (DE-627)898702763
|0 (DE-576)183802926
|4 aut
|
| 245 |
1 |
0 |
|a À l'école d'Arcimboldo
|b portraits politiques satiriques allemands et français (XVIe - XXe sieclès)
|c Pierre Wachenheim
|
| 246 |
3 |
0 |
|a Images, récits, pouvoirs, 1750 - 1815 ; regards croisés sur la France et l'Allemagne (iIème partie) ; cycle de conférences, organisé à l'Institut historique allemand en 2008 et 2009
|
| 264 |
|
1 |
|c 2010
|
| 300 |
|
|
|b zahlr. Ill.
|
| 336 |
|
|
|a Text
|b txt
|2 rdacontent
|
| 337 |
|
|
|a ohne Hilfsmittel zu benutzen
|b n
|2 rdamedia
|
| 338 |
|
|
|a Band
|b nc
|2 rdacarrier
|
| 500 |
|
|
|a Aufsatz
|
| 650 |
0 |
7 |
|0 (DE-588)4051752-4
|0 (DE-627)106175335
|0 (DE-576)209095075
|a Satire
|2 gnd
|
| 650 |
0 |
7 |
|0 (DE-588)4114333-4
|0 (DE-627)105822957
|0 (DE-576)209483733
|a Kunst
|2 gnd
|
| 650 |
0 |
7 |
|0 (DE-588)4011893-9
|0 (DE-627)104297956
|0 (DE-576)208896244
|a Deutschlandbild
|2 gnd
|
| 650 |
0 |
7 |
|0 (DE-588)4018146-7
|0 (DE-627)106327224
|0 (DE-576)208922865
|a Frankreichbild
|2 gnd
|
| 650 |
0 |
7 |
|0 (DE-588)4064317-7
|0 (DE-627)106124315
|0 (DE-576)209152699
|a Wahrnehmung
|2 gnd
|
| 650 |
0 |
7 |
|0 (DE-588)4064037-1
|0 (DE-627)106125532
|0 (DE-576)209151420
|a Vorurteil
|2 gnd
|
| 650 |
0 |
7 |
|0 (DE-588)4016641-7
|0 (DE-627)106332457
|0 (DE-576)208916768
|a Feindbild
|2 gnd
|
| 650 |
|
4 |
|a Frankreich
|x Deutschland
|x Satire
|x Kunst
|x Deutschlandbild
|x Frankreichbild
|x Perzeption
|x Vorurteile
|x Feindbild
|
| 651 |
|
7 |
|0 (DE-588)4018145-5
|0 (DE-627)106327232
|0 (DE-576)208922857
|a Frankreich
|2 gnd
|
| 651 |
|
7 |
|0 (DE-588)4011882-4
|0 (DE-627)104704861
|0 (DE-576)208896155
|a Deutschland
|2 gnd
|
| 773 |
0 |
8 |
|i In
|t Francia <Ostfildern>
|d Ostfildern : Thorbecke, 2008
|g 37(2010), Seite 413-424
|w (DE-627)594009618
|w (DE-600)2485413-X
|w (DE-576)304418579
|x 1867-6448
|7 nnas
|
| 773 |
1 |
8 |
|g volume:37
|g year:2010
|g pages:413-424
|
| 856 |
4 |
2 |
|u http://www.perspectivia.net/content/publikationen/francia/francia-retro/37-2010/0413-0424
|x Verlag
|y Volltext
|7 1
|
| 889 |
|
|
|w (DE-627)1865072664
|
| 912 |
|
|
|a GBV_USEFLAG_U
|
| 912 |
|
|
|a GBV_ILN_21
|
| 912 |
|
|
|a ISIL_DE-46
|
| 912 |
|
|
|a SYSFLAG_1
|
| 912 |
|
|
|a GBV_KXP
|
| 912 |
|
|
|a GBV_ILN_11
|
| 912 |
|
|
|a GBV_ILN_20
|
| 912 |
|
|
|a GBV_ILN_22
|
| 912 |
|
|
|a GBV_ILN_24
|
| 912 |
|
|
|a GBV_ILN_31
|
| 912 |
|
|
|a GBV_ILN_39
|
| 912 |
|
|
|a GBV_ILN_40
|
| 912 |
|
|
|a GBV_ILN_60
|
| 912 |
|
|
|a GBV_ILN_61
|
| 912 |
|
|
|a GBV_ILN_62
|
| 912 |
|
|
|a GBV_ILN_65
|
| 912 |
|
|
|a GBV_ILN_69
|
| 912 |
|
|
|a GBV_ILN_70
|
| 912 |
|
|
|a GBV_ILN_72
|
| 912 |
|
|
|a GBV_ILN_120
|
| 912 |
|
|
|a GBV_ILN_121
|
| 912 |
|
|
|a GBV_ILN_130
|
| 912 |
|
|
|a GBV_ILN_193
|
| 912 |
|
|
|a GBV_ILN_216
|
| 912 |
|
|
|a GBV_ILN_238
|
| 912 |
|
|
|a GBV_ILN_267
|
| 912 |
|
|
|a GBV_ILN_285
|
| 912 |
|
|
|a GBV_ILN_350
|
| 912 |
|
|
|a GBV_ILN_365
|
| 912 |
|
|
|a GBV_ILN_721
|
| 912 |
|
|
|a GBV_ILN_2003
|
| 912 |
|
|
|a GBV_ILN_2004
|
| 912 |
|
|
|a GBV_ILN_2005
|
| 912 |
|
|
|a GBV_ILN_2006
|
| 912 |
|
|
|a GBV_ILN_2007
|
| 912 |
|
|
|a GBV_ILN_2008
|
| 912 |
|
|
|a GBV_ILN_2009
|
| 912 |
|
|
|a GBV_ILN_2010
|
| 912 |
|
|
|a GBV_ILN_2011
|
| 912 |
|
|
|a GBV_ILN_2012
|
| 912 |
|
|
|a GBV_ILN_2018
|
| 912 |
|
|
|a GBV_ILN_2020
|
| 912 |
|
|
|a GBV_ILN_2035
|
| 912 |
|
|
|a GBV_ILN_2056
|
| 912 |
|
|
|a GBV_ILN_2060
|
| 912 |
|
|
|a GBV_ILN_2525
|
| 912 |
|
|
|a GBV_ILN_2579
|
| 912 |
|
|
|a GBV_ILN_4012
|
| 912 |
|
|
|a GBV_ILN_4027
|
| 912 |
|
|
|a GBV_ILN_4028
|
| 912 |
|
|
|a GBV_ILN_4029
|
| 912 |
|
|
|a GBV_ILN_4035
|
| 912 |
|
|
|a GBV_ILN_4037
|
| 912 |
|
|
|a GBV_ILN_4038
|
| 912 |
|
|
|a GBV_ILN_4046
|
| 912 |
|
|
|a GBV_ILN_4082
|
| 912 |
|
|
|a GBV_ILN_4103
|
| 912 |
|
|
|a GBV_ILN_4125
|
| 912 |
|
|
|a GBV_ILN_4126
|
| 912 |
|
|
|a GBV_ILN_4155
|
| 912 |
|
|
|a GBV_ILN_4193
|
| 912 |
|
|
|a GBV_ILN_4238
|
| 912 |
|
|
|a GBV_ILN_4253
|
| 912 |
|
|
|a GBV_ILN_4302
|
| 912 |
|
|
|a GBV_ILN_4305
|
| 912 |
|
|
|a GBV_ILN_4306
|
| 912 |
|
|
|a GBV_ILN_4310
|
| 912 |
|
|
|a GBV_ILN_4311
|
| 912 |
|
|
|a GBV_ILN_4314
|
| 912 |
|
|
|a GBV_ILN_4315
|
| 912 |
|
|
|a GBV_ILN_4316
|
| 912 |
|
|
|a GBV_ILN_4318
|
| 912 |
|
|
|a GBV_ILN_4320
|
| 912 |
|
|
|a GBV_ILN_4323
|
| 912 |
|
|
|a GBV_ILN_4324
|
| 912 |
|
|
|a GBV_ILN_4325
|
| 912 |
|
|
|a GBV_ILN_4326
|
| 912 |
|
|
|a GBV_ILN_4700
|
| 912 |
|
|
|a GBV_ILN_813
|
| 912 |
|
|
|a GBV_ILN_350
|
| 912 |
|
|
|a ISIL_DE-2795
|
| 912 |
|
|
|a GBV_ILN_350_h
|
| 912 |
|
|
|a GBV_ILN_813
|
| 912 |
|
|
|a ISIL_DE-Mue73
|
| 935 |
|
|
|i mdedup
|
| 951 |
|
|
|a AR
|
| 952 |
|
|
|d 37
|j 2010
|h 413-424
|
| 980 |
|
|
|2 21
|1 01
|x 0046
|b 1232909963
|y xza
|z 16-03-11
|
| 980 |
|
|
|2 350
|1 01
|x 8293
|b 1200455665
|c 00
|f LESESAAL
|d Z 400 -37
|e i
|j --%%--
|y zh
|z 29-11-10
|
| 980 |
|
|
|2 813
|1 01
|x 4813
|b 4388919950
|y n
|z 07-11-19
|